[Event "85. Argentino Superior Absoluto 2010 "]
[Site "Buenos Aires ARG"]
[Date "2010.07.07"]
[Round "3.26"]
[White "Ricciardi, Gabriel"]
[Black "Ortega Morales, Javier"]
[Result "1-0"]
[WhiteElo "1599"]
[BlackElo "1963"]
[PlyCount "121"]
[EventDate "2010.07.05"]
[EventType "swiss"]
[EventRounds "9"]
[EventCountry "ARG"]
[Source "lmi"]
[SourceDate "2010.07.05"]

1. e4 d5 2. exd5 Qxd5 3. Nc3 Qa5 4. d4 c6 5. Nf3 Nf6 6. Bd2 Qc7 7. Bc4 Bf5 8.
Bb3 e6 9. Qe2 Nbd7 10. h3 Bd6 11. g4 Bg6 12. Ng5 h6 13. Nge4 Bf4 14. Nxf6+ Nxf6
15. O-O-O O-O-O 16. Be3 Rhe8 17. Qf3 Bxe3+ 18. fxe3 e5 19. d5 cxd5 20. Bxd5 Kb8
21. e4 Re7 22. Rh2 Red7 23. Rhd2 Qa5 24. Qg3 Re7 25. h4 h5 26. g5 Ng4 27. Nb1
Red7 28. Qb3 Qc7 29. Bxb7 Rxd2 30. Bd5+ Qb6 31. Qxb6+ axb6 32. Rxd2 f6 33. Be6
Rxd2 34. Nxd2 Ne3 35. Bd5 fxg5 36. hxg5 h4 37. Nf3 h3 38. Nh2 Bh5 39. Be6 Bg6
40. Kd2 Ng2 41. Bxh3 Nf4 42. Bf5 Bh5 43. Ng4 Bxg4 44. Bxg4 Kc7 45. c4 Ng6 46.
b4 Ne7 47. Kc3 Kd6 48. a4 Nc6 49. Bh3 Nd4 50. a5 bxa5 51. bxa5 Kc7 52. a6 Ne2+
53. Kb4 Nf4 54. Bf5 Nd3+ 55. Kb5 Nf4 56. a7 Ne2 57. Kc5 Nc3 58. Kb4 Ne2 59. Be6
Kb6 60. c5+ Kxa7 61. c6 1-0

[Event "85. Argentino Superior Absoluto 2010 "]
[Site "Buenos Aires ARG"]
[Date "2010.07.08"]
[Round "4.1"]
[White "Peralta, Fernando"]
[Black "Felgaer, Ruben"]
[Result "1/2-1/2"]
[WhiteElo "2570"]
[BlackElo "2584"]
[PlyCount "51"]
[EventDate "2010.07.05"]
[EventType "swiss"]
[EventRounds "9"]
[EventCountry "ARG"]
[Source "lmi"]
[SourceDate "2010.07.05"]

1. d4 d5 2. c4 c6 3. Nf3 Nf6 4. Nc3 dxc4 5. a4 Bf5 6. e3 e6 7. Bxc4 Bb4 8. O-O
O-O 9. Qe2 Bg6 10. Ne5 Nbd7 11. Nxg6 hxg6 12. Rd1 Qa5 13. e4 e5 14. d5 Rad8 15.
Bg5 Bxc3 16. bxc3 Nc5 17. dxc6 bxc6 18. Rxd8 Rxd8 19. f3 Qxc3 20. Rc1 Qa3 21.
Qa2 Qxa2 22. Bxa2 Nxa4 23. Rxc6 Nb6 24. Rc5 Rd1+ 25. Kf2 Nfd7 26. Rc7 1/2-1/2

[Event "85. Argentino Superior Absoluto 2010 "]
[Site "Buenos Aires ARG"]
[Date "2010.07.08"]
[Round "4.2"]
[White "Iermito, Sebastian"]
[Black "Lemos, Damian"]
[Result "1/2-1/2"]
[WhiteElo "2457"]
[BlackElo "2551"]
[PlyCount "72"]
[EventDate "2010.07.05"]
[EventType "swiss"]
[EventRounds "9"]
[EventCountry "ARG"]
[Source "lmi"]
[SourceDate "2010.07.05"]

1. d4 e6 2. c4 Nf6 3. Nf3 d5 4. e3 c6 5. Nbd2 c5 6. a3 cxd4 7. Nxd4 Nc6 8. N2f3
Bd6 9. Be2 O-O 10. b4 e5 11. Nxc6 bxc6 12. cxd5 cxd5 13. Bb2 Qe7 14. O-O Bg4
15. Nd2 Bf5 16. Nb3 Rac8 17. Rc1 Rxc1 18. Qxc1 Rc8 19. Qa1 Rc2 20. Bd1 Rc7 21.
Be2 h5 22. Rc1 Ne4 23. Rxc7 Qxc7 24. Qc1 Qxc1+ 25. Nxc1 Nd2 26. f3 h4 27. Kf2
g5 28. Ke1 Nc4 29. Bxc4 dxc4 30. e4 Be6 31. h3 f5 32. Ne2 g4 33. hxg4 fxg4 34.
fxg4 Bxg4 35. Bc1 Kf7 36. Bg5 h3 1/2-1/2

[Event "85. Argentino Superior Absoluto 2010 "]
[Site "Buenos Aires ARG"]
[Date "2010.07.08"]
[Round "4.3"]
[White "Mareco, Sandro"]
[Black "Alonso, Salvador"]
[Result "1-0"]
[WhiteElo "2527"]
[BlackElo "2490"]
[PlyCount "51"]
[EventDate "2010.07.05"]
[EventType "swiss"]
[EventRounds "9"]
[EventCountry "ARG"]
[Source "lmi"]
[SourceDate "2010.07.05"]

1. d4 d5 2. c4 c6 3. Nf3 Nf6 4. Nc3 dxc4 5. a4 Bf5 6. Ne5 Nbd7 7. Nxc4 Qc7 8.
g3 e5 9. dxe5 Nxe5 10. Bf4 Nfd7 11. Bg2 f6 12. O-O O-O-O 13. Rc1 Nc5 14. Qe1
Kb8 15. b4 Nb3 16. Nb5 Qe7 17. Nxe5 fxe5 18. Rxc6 bxc6 19. Qc3 Qe6 20. Bxe5+
Kb7 21. Nc7 Qg6 22. Qxb3 Bd6 23. Bxd6 Qxd6 24. Nb5 Qe6 25. Qc3 Be4 26. Bxe4 1-0

[Event "85. Argentino Superior Absoluto 2010 "]
[Site "Buenos Aires ARG"]
[Date "2010.07.08"]
[Round "4.4"]
[White "Tristan, Leonardo"]
[Black "Ricardi, Pablo"]
[Result "1/2-1/2"]
[WhiteElo "2393"]
[BlackElo "2512"]
[PlyCount "43"]
[EventDate "2010.07.05"]
[EventType "swiss"]
[EventRounds "9"]
[EventCountry "ARG"]
[Source "lmi"]
[SourceDate "2010.07.05"]

1. e4 e6 2. d4 d5 3. Nd2 dxe4 4. Nxe4 Bd7 5. Nf3 Bc6 6. Bd3 Nd7 7. O-O Be7 8.
b3 Ngf6 9. Ng3 O-O 10. Bb2 a5 11. c4 Bxf3 12. Qxf3 c6 13. Rfe1 a4 14. Rad1 axb3
15. axb3 Bb4 16. Re2 Re8 17. Bb1 Qa5 18. Ne4 Nxe4 19. Rxe4 Ba3 20. Bc3 Bb4 21.
Bb2 Ba3 22. Bc3 1/2-1/2

[Event "85. Argentino Superior Absoluto 2010 "]
[Site "Buenos Aires ARG"]
[Date "2010.07.08"]
[Round "4.5"]
[White "Valerga, Diego"]
[Black "Julia, Ernesto"]
[Result "1/2-1/2"]
[WhiteElo "2506"]
[BlackElo "2378"]
[PlyCount "84"]
[EventDate "2010.07.05"]
[EventType "swiss"]
[EventRounds "9"]
[EventCountry "ARG"]
[Source "lmi"]
[SourceDate "2010.07.05"]

1. e4 c5 2. Nf3 e6 3. d4 cxd4 4. Nxd4 d6 5. Nc3 a6 6. a4 Nf6 7. Be2 Nbd7 8. f4
Qc7 9. Bf3 g6 10. g4 h6 11. Be3 e5 12. Nde2 exf4 13. Nxf4 Bg7 14. O-O O-O 15.
Ncd5 Qd8 16. c3 Nxd5 17. Nxd5 Ne5 18. Be2 Be6 19. Rf4 Rc8 20. a5 Nc4 21. Bxc4
Rxc4 22. Qd3 Rc6 23. h3 h5 24. Raf1 Be5 25. gxh5 Qg5+ 26. Rg4 Qxh5 27. Ne7+ Kg7
28. Nxc6 bxc6 29. Qe2 Qxh3 30. Rg2 Rh8 31. Bf4 Qh1+ 32. Kf2 Qh4+ 33. Ke3 Bh3
34. Rgf2 Bxf1 35. Rxf1 Bxf4+ 36. Rxf4 Qg5 37. Qf2 Rh3+ 38. Kd2 Rg3 39. Qd4+ Qe5
40. Qf2 Qg5 41. Qd4+ Qe5 42. Qf2 Qg5 1/2-1/2

[Event "85. Argentino Superior Absoluto 2010 "]
[Site "Buenos Aires ARG"]
[Date "2010.07.08"]
[Round "4.6"]
[White "Slipak, Sergio"]
[Black "Pierrot, Facundo"]
[Result "0-1"]
[WhiteElo "2440"]
[BlackElo "2431"]
[PlyCount "116"]
[EventDate "2010.07.05"]
[EventType "swiss"]
[EventRounds "9"]
[EventCountry "ARG"]
[Source "lmi"]
[SourceDate "2010.07.05"]

1. Nf3 c5 2. e3 Nf6 3. d4 g6 4. dxc5 Qa5+ 5. Nbd2 Qxc5 6. a3 Bg7 7. b4 Qc7 8.
Bb2 O-O 9. c4 d6 10. Be2 b6 11. O-O Bb7 12. Rc1 Nbd7 13. Nd4 Rac8 14. Bf3 Ne5
15. Bxb7 Qxb7 16. Qe2 Ne4 17. Nxe4 Qxe4 18. Rfd1 Nc6 19. Nxc6 Rxc6 20. Bxg7
Kxg7 21. f3 Qe6 22. e4 Rfc8 23. Rd5 R8c7 24. a4 Qc8 25. e5 Rxc4 26. Rxc4 Rxc4
27. exd6 exd6 28. Rxd6 Rxb4 29. Qe5+ Kg8 30. h3 Qc1+ 31. Kh2 Qf4+ 32. Qxf4 Rxf4
33. a5 Rb4 34. Rd7 Ra4 35. Rxa7 Rxa5 36. Rb7 Rb5 37. h4 Kg7 38. g4 Kf6 39. g5+
Ke6 40. Kg3 Rb3 41. Kf4 Rb1 42. Rc7 b5 43. Rc6+ Kd7 44. Rf6 Ke7 45. Rb6 b4 46.
Ke5 Re1+ 47. Kd5 Re3 48. f4 b3 49. Kd4 Rh3 50. Ke5 Kd7 51. f5 Kc7 52. Rb4 Kc6
53. Kf6 Kc5 54. Rb8 Kc4 55. Rb7 Rxh4 56. Rxf7 gxf5 57. Kxf5 b2 58. Rb7 Kc3 0-1

[Event "85. Argentino Superior Absoluto 2010 "]
[Site "Buenos Aires ARG"]
[Date "2010.07.08"]
[Round "4.7"]
[White "Lezcano, Gustavo"]
[Black "Dos Santos, Ramiro"]
[Result "0-1"]
[WhiteElo "2177"]
[BlackElo "2442"]
[PlyCount "100"]
[EventDate "2010.07.05"]
[EventType "swiss"]
[EventRounds "9"]
[EventCountry "ARG"]
[Source "lmi"]
[SourceDate "2010.07.05"]

1. e4 c5 2. Nc3 Nc6 3. Bb5 g6 4. Bxc6 bxc6 5. d4 Bg7 6. dxc5 Qa5 7. Nge2 Qxc5
8. Be3 Qa5 9. Qd2 Ba6 10. O-O Nf6 11. Rfd1 O-O 12. Bg5 Bxe2 13. Bxf6 Bxd1 14.
Bxg7 Kxg7 15. Rxd1 Rab8 16. b3 d6 17. h3 Qc5 18. Ne2 Qe5 19. Nd4 Rfc8 20. Re1
Kg8 21. c4 Qf6 22. Nf3 a5 23. e5 dxe5 24. Qxa5 Ra8 25. Qxe5 Qxe5 26. Rxe5 e6
27. a4 Rd8 28. Re3 Rd1+ 29. Kh2 c5 30. Ne5 Rb8 31. Nc6 Rb6 32. Na5 Rd7 33. Re5
Rc7 34. f3 Ra6 35. b4 cxb4 36. Rb5 Rca7 37. Nb3 Rxa4 38. c5 Rc7 39. Kg3 Kg7 40.
Kf4 Kf6 41. g4 g5+ 42. Ke4 Ra2 43. Rxb4 Rh2 44. Rb6 Rxh3 45. c6 h5 46. Nd4 hxg4
47. Nb5 Rc8 48. Nd6 g3 49. Nxc8 g2 50. Rb1 Rh1 0-1

[Event "85. Argentino Superior Absoluto 2010 "]
[Site "Buenos Aires ARG"]
[Date "2010.07.08"]
[Round "4.8"]
[White "Sanhueza, Cristian"]
[Black "Garbarino, Rodolfo"]
[Result "1/2-1/2"]
[WhiteElo "2199"]
[BlackElo "2350"]
[PlyCount "99"]
[EventDate "2010.07.05"]
[EventType "swiss"]
[EventRounds "9"]
[EventCountry "ARG"]
[Source "lmi"]
[SourceDate "2010.07.05"]

1. e4 e5 2. Nf3 Nc6 3. Bc4 Bc5 4. c3 Nf6 5. d4 exd4 6. cxd4 Bb4+ 7. Nc3 Nxe4 8.
O-O Bxc3 9. d5 Bf6 10. Re1 Ne7 11. Rxe4 d6 12. Bg5 Bxg5 13. Nxg5 h6 14. Qe2
hxg5 15. Re1 Be6 16. dxe6 f6 17. Re3 c6 18. Rh3 Rxh3 19. gxh3 g6 20. b4 Kf8 21.
h4 gxh4 22. Qg4 Kg7 23. Qxh4 d5 24. Bd3 Qd6 25. Qg4 a5 26. bxa5 Qa3 27. Re3
Qxa5 28. Bxg6 Nxg6 29. e7 Re8 30. Qd7 Qa8 31. h4 Rxe7 32. Rxe7+ Nxe7 33. Qxe7+
Kg6 34. Qe6 Qd8 35. Kf1 c5 36. Ke2 c4 37. Qg4+ Kf7 38. Qf5 Qe7+ 39. Kd2 Qe5 40.
Qb1 Qd4+ 41. Ke2 Qg4+ 42. f3 Qxh4 43. Qxb7+ Ke6 44. Qc6+ Ke5 45. Qc7+ Ke6 46.
Qc6+ Ke7 47. Qxd5 Qh2+ 48. Ke3 Qxa2 49. Kd4 Qb3 50. Qc5+ 1/2-1/2

[Event "85. Argentino Superior Absoluto 2010 "]
[Site "Buenos Aires ARG"]
[Date "2010.07.08"]
[Round "4.9"]
[White "Filgueira, Hernan"]
[Black "Cereijo, Nicolas"]
[Result "1/2-1/2"]
[WhiteElo "2347"]
[BlackElo "2139"]
[PlyCount "55"]
[EventDate "2010.07.05"]
[EventType "swiss"]
[EventRounds "9"]
[EventCountry "ARG"]
[Source "lmi"]
[SourceDate "2010.07.05"]

1. c4 Nf6 2. Nc3 e6 3. Nf3 d5 4. e3 Be7 5. b3 O-O 6. Bb2 c5 7. cxd5 exd5 8. d4
Nc6 9. Be2 Bg4 10. O-O Bxf3 11. Bxf3 cxd4 12. exd4 Re8 13. Re1 Qd7 14. Qd3 Nb4
15. Qd2 Qf5 16. Rad1 Nc6 17. Qd3 Qxd3 18. Rxd3 Nb4 19. Rdd1 Bf8 20. Rxe8 Rxe8
21. Kf1 Ne4 22. a3 Nc2 23. Nb1 Re6 24. Rc1 Rc6 25. Bd1 Nxd4 26. Rxc6 Nxc6 27.
b4 Nd6 28. Bf3 1/2-1/2

[Event "85. Argentino Superior Absoluto 2010 "]
[Site "Buenos Aires ARG"]
[Date "2010.07.08"]
[Round "4.11"]
[White "Gaitan, Juan Manuel"]
[Black "Garcia, Raimundo"]
[Result "0-1"]
[WhiteElo "2047"]
[BlackElo "2314"]
[PlyCount "68"]
[EventDate "2010.07.05"]
[EventType "swiss"]
[EventRounds "9"]
[EventCountry "ARG"]
[Source "lmi"]
[SourceDate "2010.07.05"]

1. d4 g6 2. c4 c5 3. d5 d6 4. e4 e5 5. Nc3 Bg7 6. h3 Ne7 7. g4 h5 8. gxh5 Rxh5
9. Nge2 Ng8 10. Ng3 Rh4 11. Qc2 a6 12. b4 Nd7 13. Ba3 Bh6 14. Na4 Ngf6 15. Bd3
b6 16. Rb1 Nh7 17. Kf1 Ng5 18. bxc5 bxc5 19. Kg2 Nf6 20. Nb6 Bxh3+ 21. Rxh3
Nxh3 22. Nxa8 Nf4+ 23. Kg1 Qxa8 24. Bf1 Kf8 25. Rb6 Qd8 26. Rxa6 Ng4 27. Qa4
Rh1+ 28. Nxh1 Qh4 29. Ra8+ Kg7 30. Bg2 Qh2+ 31. Kf1 Qxg2+ 32. Ke1 Qxe4+ 33. Kd1
Qe2+ 34. Kc1 Nxd5+ 0-1

[Event "85. Argentino Superior Absoluto 2010 "]
[Site "Buenos Aires ARG"]
[Date "2010.07.08"]
[Round "4.12"]
[White "Barrionuevo, Pablo"]
[Black "Tomeo, Nicolas"]
[Result "1-0"]
[WhiteElo "2337"]
[BlackElo "2137"]
[PlyCount "81"]
[EventDate "2010.07.05"]
[EventType "swiss"]
[EventRounds "9"]
[EventCountry "ARG"]
[Source "lmi"]
[SourceDate "2010.07.05"]

1. d4 Nf6 2. c4 e6 3. Nf3 Bb4+ 4. Bd2 Qe7 5. g3 b6 6. Bg2 Bb7 7. O-O Bxd2 8.
Nbxd2 O-O 9. Qc2 d5 10. Rac1 Rc8 11. cxd5 exd5 12. Bh3 Nfd7 13. Ne5 f6 14. Nxd7
Nxd7 15. Qa4 c6 16. e4 dxe4 17. Rfe1 Re8 18. Nxe4 Nf8 19. d5 c5 20. Nxf6+ Qxf6
21. Rxe8 Rxe8 22. Qxe8 Bxd5 23. Re1 Qxb2 24. Be6+ Bxe6 25. Rxe6 Qb1+ 26. Kg2
Qxa2 27. Re3 Qf7 28. Qa8 b5 29. Qb8 b4 30. Qd6 Qb7+ 31. Rf3 Qc8 32. Qd5+ Ne6
33. Re3 Kf7 34. f4 g6 35. g4 Kf6 36. Qd6 a5 37. f5 gxf5 38. Qe5+ Kf7 39. gxf5
Nd4 40. Qe7+ Kg8 41. Rg3+ 1-0

[Event "85. Argentino Superior Absoluto 2010 "]
[Site "Buenos Aires ARG"]
[Date "2010.07.08"]
[Round "4.13"]
[White "Vigil, Lucas"]
[Black "Mahia, Gustavo"]
[Result "0-1"]
[WhiteElo "2053"]
[BlackElo "2393"]
[PlyCount "110"]
[EventDate "2010.07.05"]
[EventType "swiss"]
[EventRounds "9"]
[EventCountry "ARG"]
[Source "lmi"]
[SourceDate "2010.07.05"]

1. d4 e6 2. e4 d5 3. Nd2 Nf6 4. e5 Nfd7 5. Bd3 b6 6. c3 Ba6 7. Bc2 c5 8. Ne2
Nc6 9. Nf3 Rc8 10. O-O Qc7 11. Bb1 cxd4 12. cxd4 Nb4 13. Bg5 h6 14. Bd2 Nc2 15.
Bxc2 Qxc2 16. Rc1 Qxd1 17. Rxc8+ Bxc8 18. Rxd1 Nb8 19. Rc1 Kd7 20. Kf1 Nc6 21.
a3 Ba6 22. Ke1 Be7 23. Rc3 Bc4 24. Nfg1 Rc8 25. f4 a5 26. Nf3 b5 27. g4 b4 28.
axb4 axb4 29. Re3 Ra8 30. b3 Bb5 31. Nc1 Ra1 32. Kf2 Rb1 33. Kg3 Ke8 34. Re1
Bd8 35. f5 Bb6 36. Be3 Rb2 37. h4 h5 38. fxe6 fxe6 39. gxh5 Ne7 40. Kf4 Nf5 41.
Rg1 Rc2 42. Ng5 Nxe3 43. Nxe6 Ng2+ 44. Kg3 Kf7 45. Ng5+ Ke7 46. Rxg2 Rxc1 47.
Nf3 Bd3 48. Kf4 Kf8 49. Ng5 Rc6 50. Ke3 Bc2 51. Rf2+ Kg8 52. Rf7 Rc3+ 53. Ke2
Bxd4 54. Rd7 Rc8 55. Rxd5 Bc3 0-1

[Event "85. Argentino Superior Absoluto 2010 "]
[Site "Buenos Aires ARG"]
[Date "2010.07.08"]
[Round "4.15"]
[White "Gimenez, Santiago"]
[Black "Fabian, Gaston"]
[Result "1/2-1/2"]
[WhiteElo "2253"]
[BlackElo "2260"]
[PlyCount "57"]
[EventDate "2010.07.05"]
[EventType "swiss"]
[EventRounds "9"]
[EventCountry "ARG"]
[Source "lmi"]
[SourceDate "2010.07.05"]

1. e4 c5 2. Nf3 d6 3. d4 cxd4 4. Nxd4 Nf6 5. Nc3 a6 6. Bc4 e6 7. Bb3 b5 8. Bg5
Be7 9. Qf3 Qc7 10. e5 Bb7 11. exd6 Bxd6 12. Qe3 Be5 13. O-O-O Nc6 14. Nce2 Rd8
15. Kb1 Nxd4 16. Nxd4 Qb6 17. c3 Bxd4 18. cxd4 Bd5 19. Rhe1 Bxb3 20. Qxb3 Rxd4
21. Be3 Rxd1+ 22. Rxd1 Qc6 23. Qa3 Nd5 24. Rc1 Qd7 25. Qxa6 O-O 26. Bc5 Rc8 27.
Qd6 Qb7 28. f3 h6 29. Bd4 1/2-1/2

[Event "85. Argentino Superior Absoluto 2010 "]
[Site "Buenos Aires ARG"]
[Date "2010.07.08"]
[Round "4.16"]
[White "Cabral, Matias Andres"]
[Black "Koch, Juan"]
[Result "1-0"]
[WhiteElo "2098"]
[BlackElo "2087"]
[PlyCount "80"]
[EventDate "2010.07.05"]
[EventType "swiss"]
[EventRounds "9"]
[EventCountry "ARG"]
[Source "lmi"]
[SourceDate "2010.07.05"]

1. e4 c5 2. Nc3 Nc6 3. g3 g6 4. Bg2 Bg7 5. d3 d6 6. f4 e6 7. Nf3 Nge7 8. O-O
O-O 9. Be3 Nd4 10. Qd2 Rb8 11. Nd1 b5 12. Nh4 f5 13. c3 Ndc6 14. e5 dxe5 15.
Bxc5 e4 16. Nf2 e5 17. Rfd1 exf4 18. Qxf4 Be5 19. Qh6 Qc7 20. dxe4 f4 21. Nf3
Bg7 22. Qh4 fxg3 23. hxg3 Bf6 24. Qh2 Rb7 25. Bd6 Qb6 26. Rd2 Bg4 27. Re1 Bxf3
28. Bxf3 Bg5 29. Bf4 Ne5 30. Bd1 Bf6 31. Bb3+ Kh8 32. Kg2 Nc8 33. g4 Re7 34. g5
Bxg5 35. Bxe5+ Rxe5 36. Qxe5+ Bf6 37. Qe6 Qc5 38. Rd5 Qc7 39. Rh1 Qf4 40. Qg4
Qxg4+ 1-0

[Event "85. Argentino Superior Absoluto 2010 "]
[Site "Buenos Aires ARG"]
[Date "2010.07.08"]
[Round "4.17"]
[White "Chavarria, Bily"]
[Black "Lopez, Ricardo"]
[Result "1-0"]
[WhiteElo "1963"]
[BlackElo "2187"]
[PlyCount "99"]
[EventDate "2010.07.05"]
[EventType "swiss"]
[EventRounds "9"]
[EventCountry "ARG"]
[Source "lmi"]
[SourceDate "2010.07.05"]

1. d4 d6 2. c4 e5 3. dxe5 dxe5 4. Qxd8+ Kxd8 5. Nf3 f6 6. g3 Be6 7. b3 Bb4+ 8.
Bd2 Bxd2+ 9. Nbxd2 Nd7 10. Bg2 c6 11. O-O Kc7 12. Rfc1 Nh6 13. c5 a5 14. Ne4
Nf7 15. Rab1 a4 16. bxa4 Rxa4 17. Nc3 Rc4 18. Nd2 Rxc5 19. Nb3 Bxb3 20. axb3
Nd6 21. b4 Rc4 22. e3 Rg4 23. h3 Rg6 24. b5 c5 25. Nd5+ Kb8 26. Rd1 f5 27. Ne7
Re6 28. Nxf5 Nxf5 29. Rxd7 e4 30. Rd5 Rf8 31. Rxc5 Nd6 32. b6 Ref6 33. Rb2 h6
34. Ra2 Rf5 35. Rc7 Rb5 36. Rxg7 Rxb6 37. Rg6 h5 38. Bxe4 Kc7 39. Rg7+ Kb8 40.
Bg2 Rb1+ 41. Kh2 Nc4 42. Rc2 Ne5 43. f4 Nd3 44. Rcc7 Re8 45. Rxb7+ Rxb7 46.
Rxb7+ Kc8 47. Rb3 Rxe3 48. Bf1 h4 49. Rxd3 Re1 50. Rf3 1-0

[Event "85. Argentino Superior Absoluto 2010 "]
[Site "Buenos Aires ARG"]
[Date "2010.07.08"]
[Round "4.18"]
[White "Leeuw, Pablo"]
[Black "Valli, Americo"]
[Result "1/2-1/2"]
[WhiteElo "2071"]
[BlackElo "1972"]
[PlyCount "82"]
[EventDate "2010.07.05"]
[EventType "swiss"]
[EventRounds "9"]
[EventCountry "ARG"]
[Source "lmi"]
[SourceDate "2010.07.05"]

1. e4 c6 2. Nc3 d5 3. Nf3 dxe4 4. Nxe4 Nf6 5. Ng3 h5 6. Bc4 h4 7. Ne5 Qd4 8.
Bxf7+ Kd8 9. Ng6 hxg3 10. Qf3 Rxh2 11. O-O Ng4 12. Nxf8 gxf2+ 13. Rxf2 Qxf2+
14. Qxf2 Nxf2 15. Kxh2 Ng4+ 16. Kg1 Ne5 17. Bb3 Na6 18. d4 Ng4 19. Bg5 Nc7 20.
Re1 Nf6 21. Ng6 e6 22. Rf1 Nce8 23. Nf4 a5 24. Bxe6 a4 25. Bxc8 Kxc8 26. Ne6
Ra5 27. Bxf6 gxf6 28. Nc5 b6 29. Ne4 f5 30. Ng3 Nd6 31. Kf2 Rb5 32. b3 axb3 33.
axb3 Ra5 34. Ke3 Kd7 35. Rh1 Ra2 36. Kd3 b5 37. Re1 Ra8 38. Ne2 Rg8 39. Nf4 Rg4
40. Rf1 Ne4 41. c4 Ng5 1/2-1/2

[Event "85. Argentino Superior Absoluto 2010 "]
[Site "Buenos Aires ARG"]
[Date "2010.07.08"]
[Round "4.20"]
[White "Lida Garcia, Fernando"]
[Black "Ligato, Guillermo Fe"]
[Result "1-0"]
[WhiteElo "2055"]
[BlackElo "1944"]
[PlyCount "125"]
[EventDate "2010.07.05"]
[EventType "swiss"]
[EventRounds "9"]
[EventCountry "ARG"]
[Source "lmi"]
[SourceDate "2010.07.05"]

1. c4 e5 2. Nc3 Nf6 3. g3 Nc6 4. Bg2 d6 5. d3 g6 6. Rb1 a5 7. a3 Be6 8. Nd5 Nh5
9. b4 axb4 10. axb4 Qd7 11. e3 Bg7 12. b5 Nd8 13. Ne2 O-O 14. O-O Bg4 15. Qc2
Bf5 16. f3 Be6 17. Nec3 f5 18. b6 c6 19. Nc7 Rb8 20. Nxe6 Nxe6 21. f4 Nf6 22.
Rd1 Rfd8 23. d4 e4 24. d5 Nc5 25. Bf1 Ra8 26. h3 Qe7 27. Bb2 Ra6 28. dxc6 bxc6
29. b7 Rb8 30. Bc1 Ra7 31. Bd2 Raxb7 32. Ne2 Nh5 33. Nd4 Qd7 34. Be1 h6 35. Nb3
Nxb3 36. Rxb3 Rxb3 37. Qxb3 Rb7 38. Rxd6 Rxb3 39. Rxd7 Rxe3 40. Bf2 Ra3 41. c5
e3 42. Be1 Nf6 43. Bc4+ Kh7 44. Rc7 Ra1 45. Kf1 Ne4 46. Ke2 Rc1 47. Bf7 Nxc5
48. Rxc6 Bb2 49. Bxg6+ Kg7 50. Bxf5 Na4 51. Rg6+ Kf7 52. Rxh6 Nc3+ 53. Bxc3
Rxc3 54. Bd3 Bc1 55. g4 Bd2 56. Rh7+ Ke6 57. Rb7 Kd5 58. g5 Kd4 59. Rb4+ Kd5
60. g6 Rxd3 61. Kxd3 Bxb4 62. g7 e2 63. Kxe2 1-0

[Event "85. Argentino Superior Absoluto 2010 "]
[Site "Buenos Aires ARG"]
[Date "2010.07.08"]
[Round "4.21"]
[White "Luo, Victor"]
[Black "Sanchez, Christian"]
[Result "1/2-1/2"]
[WhiteElo "1906"]
[BlackElo "2028"]
[PlyCount "119"]
[EventDate "2010.07.05"]
[EventType "swiss"]
[EventRounds "9"]
[EventCountry "ARG"]
[Source "lmi"]
[SourceDate "2010.07.05"]

1. e4 e6 2. d4 d5 3. Nd2 c5 4. c3 cxd4 5. cxd4 Nc6 6. Ngf3 dxe4 7. Nxe4 Nf6 8.
Nxf6+ Qxf6 9. Bd3 Bb4+ 10. Bd2 Bxd2+ 11. Qxd2 Bd7 12. O-O Nxd4 13. Nxd4 Qxd4
14. Rad1 Rd8 15. Rfe1 Bc6 16. Qa5 Qd5 17. Qxd5 Bxd5 18. b3 O-O 19. Rc1 Bc6 20.
Bc4 Rd2 21. Re2 Rfd8 22. Rxd2 Rxd2 23. a4 a6 24. f3 Kf8 25. Bxa6 Bxa4 26. Rc8+
Ke7 27. Rc7+ Rd7 28. Rxd7+ Kxd7 29. Bxb7 Bxb3 30. Be4 f5 31. Bd3 g5 32. Kf2 Kd6
33. Ke3 Ke5 34. Bb5 h6 35. Bd3 f4+ 36. Kd2 Kd4 37. Bg6 Bc4 38. Ke1 Ke3 39. Bf7
Bd5 40. Kf1 Kd4 41. Kf2 e5 42. Bg6 Bc4 43. Bf5 Bd3 44. Bg4 Kc3 45. Be6 Kd2 46.
Bd5 Bg6 47. Be6 h5 48. h3 Be8 49. Bf5 Bf7 50. Bd7 Kd3 51. Bf5+ Kd4 52. Bd7 Bg6
53. Be6 e4 54. fxe4 Kxe4 55. Bd7 Bf7 56. Bc8 Ke5 57. Bd7 Bg6 58. Bc6 g4 59.
hxg4 hxg4 60. g3 1/2-1/2

[Event "85. Argentino Superior Absoluto 2010 "]
[Site "Buenos Aires ARG"]
[Date "2010.07.08"]
[Round "4.22"]
[White "Ponzo, Fabian"]
[Black "Ricciardi, Gabriel"]
[Result "1-0"]
[WhiteElo "2027"]
[BlackElo "1599"]
[PlyCount "103"]
[EventDate "2010.07.05"]
[EventType "swiss"]
[EventRounds "9"]
[EventCountry "ARG"]
[Source "lmi"]
[SourceDate "2010.07.05"]

1. c4 e5 2. Nc3 Nf6 3. Nf3 e4 4. Ng5 b5 5. Ngxe4 bxc4 6. Qa4 Nxe4 7. Nxe4 Bb7
8. Nc3 Nc6 9. Qxc4 Nb4 10. Qb3 Qe7 11. e3 Rb8 12. a3 Bxg2 13. axb4 Bxh1 14.
Rxa7 Qxb4 15. Qxb4 Bxb4 16. Rxc7 Bd6 17. Rc4 O-O 18. Rd4 Be5 19. Rh4 Bf6 20.
Ra4 Bc6 21. Ra6 Ra8 22. Rxa8 Rxa8 23. d4 Ra1 24. Kd2 Bh4 25. f4 Bf2 26. Nd1 Bg1
27. b4 Bf3 28. Nb2 Bxh2 29. b5 Bg1 30. Bh3 Bb7 31. Nd3 Bc8 32. Kc3 Rb1 33. Bb2
Bxe3 34. b6 Rh1 35. Bxd7 Bb7 36. Ba3 Rh6 37. Bc5 Be4 38. f5 Bg1 39. Ne5 Bh2 40.
Bc8 Bxe5 41. dxe5 Rc6 42. Bb7 Rxc5+ 43. Kd4 Bxb7 44. Kxc5 Kf8 45. Kd6 h5 46.
Kc7 Be4 47. e6 Bxf5 48. b7 Bxe6 49. Kd6 g6 50. b8=Q+ Kg7 51. Ke7 Kh6 52. Kf6
1-0

[Event "85. Argentino Superior Absoluto 2010 "]
[Site "Buenos Aires ARG"]
[Date "2010.07.08"]
[Round "4.24"]
[White "Benedetti, Julio"]
[Black "Galleto, Ricardo"]
[Result "1/2-1/2"]
[WhiteElo "1945"]
[BlackElo "2019"]
[PlyCount "61"]
[EventDate "2010.07.05"]
[EventType "swiss"]
[EventRounds "9"]
[EventCountry "ARG"]
[Source "lmi"]
[SourceDate "2010.07.05"]

1. e4 d6 2. d4 Nf6 3. Nc3 g6 4. Bc4 Bg7 5. Qe2 O-O 6. e5 Ne8 7. Bg5 c6 8. exd6
Nxd6 9. Bxe7 Qc7 10. Bxf8 Kxf8 11. Nf3 b5 12. Bd3 Bg4 13. O-O Bxd4 14. h3 Bxf3
15. Qxf3 Bxc3 16. bxc3 Nd7 17. Qg3 Nf6 18. Rad1 Rd8 19. c4 bxc4 20. Bxc4 Qe7
21. Rfe1 Nxc4 22. Kh2 Rxd1 23. Rxe7 Kxe7 24. Qc7+ Nd7 25. Qxc6 Nd2 26. g3 Ne5
27. Qc7+ Ke6 28. Qc8+ Kf6 29. Qh8+ Ke6 30. Qc8+ Kf6 31. Qh8+ 1/2-1/2

[Event "85. Argentino Superior Absoluto 2010 "]
[Site "Buenos Aires ARG"]
[Date "2010.07.08"]
[Round "4.26"]
[White "Ortega Morales, Javier"]
[Black "Araoz, Claudio Alberto"]
[Result "0-1"]
[WhiteElo "1963"]
[BlackElo "1878"]
[PlyCount "70"]
[EventDate "2010.07.05"]
[EventType "swiss"]
[EventRounds "9"]
[EventCountry "ARG"]
[Source "lmi"]
[SourceDate "2010.07.05"]

1. f4 d5 2. Nf3 Nf6 3. e3 e6 4. b3 Be7 5. Bb2 c6 6. Be2 Nbd7 7. O-O O-O 8. Ne5
a5 9. a4 Qc7 10. Qe1 b6 11. d3 Nc5 12. Nd2 Ba6 13. g4 Rfd8 14. Qg3 b5 15. g5
Ne8 16. f5 f6 17. gxf6 Bxf6 18. Bh5 Nd7 19. Bf7+ Kf8 20. Nxd7+ Rxd7 21. Qxc7
Rxc7 22. Bxe8 Bxb2 23. Ra2 Bc3 24. Nb1 Bf6 25. Bh5 exf5 26. Rxf5 Bc8 27. Rf1
Ke7 28. Nd2 g6 29. Bf3 b4 30. e4 Bd4+ 31. Kg2 Be6 32. Re1 Kd6 33. Re2 Rf8 34.
h4 Rcf7 35. exd5 cxd5 0-1

[Event "85. Argentino Superior Absoluto 2010 "]
[Site "Buenos Aires ARG"]
[Date "2010.07.09"]
[Round "5.1"]
[White "Pierrot, Facundo"]
[Black "Peralta, Fernando"]
[Result "1/2-1/2"]
[WhiteElo "2431"]
[BlackElo "2570"]
[PlyCount "32"]
[EventDate "2010.07.05"]
[EventType "swiss"]
[EventRounds "9"]
[EventCountry "ARG"]
[Source "lmi"]
[SourceDate "2010.07.05"]

1. e4 c6 2. d4 d5 3. Nd2 dxe4 4. Nxe4 Bf5 5. Ng3 Bg6 6. N1e2 e6 7. Nf4 Qc7 8.
h4 Bd6 9. Nxg6 hxg6 10. Qf3 Nf6 11. Ne4 Nxe4 12. Qxe4 Nd7 13. g3 O-O-O 14. Be3
Nf6 15. Qf3 Nd5 16. Bd2 Nf6 1/2-1/2